zpět

Detail výsledku týmu

The Pub Praha 2 PO, Praha

Datum a čas kvízu

33.5 Celkem bodů Celkový počet nahraných bodů na tomto kvízu bez doplňovacích otázek.
11. Pořadí na kvízu Konečné umístění týmu na tomto kvízu.

Zaznamenané odpovědi

# Otázka Odpověď Body Výsledky
1. V pátek byl prezidentem republ... Josef Baxa 1
2. Na Ukrajině v pondělí započala... (Matka) Ukrajina 1
3. Minulý týden proběhla akce naz... C) kojení 0
4. Minulý týden jsme mohli na noč... červený 1
5. Jak se nazývá fotbalový tým, k... FC Kodaň 0
6. Pro vraždu Julia Caesara si Br... D 0
7. Ve kterém snadno zapamatovatel... 1212 1
8. Třetí pražský arcibiskup byl p... D 0
9. V roce 1818 byl poprvé vydán r... Frankenstein 0
10. Doktor Edward Jenner přišel ko... očkování 1